| 000 | 00673nam a2200229Ia 4500 | ||
|---|---|---|---|
| 003 | OSt | ||
| 005 | 20230523153125.0 | ||
| 008 | 210423s2014 xx 000 0 und d | ||
| 020 | _a97-893-843-1971-7 | ||
| 040 | _cAL | ||
| 041 | _aeng | ||
| 082 |
_a657.95 _223 _bTULT |
||
| 100 |
_aTULSIAN (P C);TULSIAN (Bharat) _9111579 |
||
| 245 | _aTulsians corporate accounting: a self study textbook | ||
| 260 |
_aNew Delhi _bS Chand & Company Ltd _c2014 |
||
| 300 |
_a13.86 _bPB |
||
| 365 |
_b540 _cINR |
||
| 650 |
_aAccounting _9111580 |
||
| 650 |
_aCorporate Accounting _9111581 |
||
| 906 | _aaccounting: ; corporate ; self ; study ; textbook ; Tulsians | ||
| 942 |
_2ddc _cBK |
||
| 999 |
_c167082 _d167082 |
||